[Event "POL-chT DMP Ekstraliga 2019"]
[Site "Katowice"]
[Date "2019.09.05"]
[Round "9.8"]
[White "Druska, Juraj"]
[Black "Maksimenko, Andrei"]
[Result "1/2-1/2"]
[WhiteElo "2460"]
[BlackElo "2468"]
[Annotator "TA"]
[PlyCount "35"]
[EventDate "2019.08.28"]
[EventType "team-tourn"]
[EventCountry "POL"]
[SourceTitle "playchess.com"]
[Source "ChessBase"]
[SourceQuality "1"]

{[%evp 18,26,22,16,8,-23,8,9,9,16,23]} 1. d4 d5 2. Nf3 Bf5 3. e3 e6 4. Bd3 Bxd3 5. Qxd3 Nd7 6. c4 Ngf6 7. Nc3 c6 8. O-O Bb4 9. Bd2 a5 10. a3 Be7 {D12: Slav Defence: 3 Nf3 Nf6 4 e3 Bf5} 11. e4 dxe4 (11... Nc5 $5 12. dxc5 dxe4 13. Qxd8+ Rxd8 $11) (11... Nc5 12. dxc5 dxe4 13. Qxd8+ Rxd8 14. Nxe4 Nxe4 15. Bxa5 Ra8 16. Bb4 Bxc5 17. Rae1 Bxb4 18. Rxe4 {½-½ (32) Vajda,L (2579)-Gledura,B (2613) Budapest 2017}) 12. Nxe4 Nxe4 13. Qxe4 O-O {Predecessor:} 14. Rad1 $146 Qb6 15. Bc3 Qa6 16. d5 Nf6 17. Qe1 Qxc4 18. Ne5 {1-0 (34) Franco Ocampos,Z (2495)-Alvarez Ibarra,R (2430) Canete 1994} 1/2-1/2

[Event "POL-chT DMP Ekstraliga 2019"]
[Site "Katowice"]
[Date "2019.09.05"]
[Round "9.9"]
[White "Piesik, Piotr"]
[Black "Kaczmarek, Aleksander"]
[Result "1-0"]
[WhiteElo "2409"]
[BlackElo "2389"]
[Annotator "TA"]
[PlyCount "95"]
[EventDate "2019.08.28"]
[EventType "team-tourn"]
[EventCountry "POL"]
[SourceTitle "playchess.com"]
[Source "ChessBase"]
[SourceQuality "1"]

{[%evp 10,95,25,11,50,41,48,54,50,-9,14,-8,5,0,0,-11,0,0,0,0,0,0,0,18,0,0,51,61,117,116,106,106,113,107,108,116,121,112,123,112,118,97,129,124,146,131,253,255,368,382,456,451,634,638,633,621,631,644,674,681,645,675,634,685,726,720,815,804,788,785,776,756,764,752,866,864,855,841,837,837,820,818,887,876,847,839,952,938]} 1. d4 Nf6 2. c4 e6 3. Nf3 Bb4+ 4. Bd2 Qe7 5. Nc3 O-O 6. Qc2 Nc6 {E11: Bogo-Indian} (6... d6 7. a3 Bxc3 8. Bxc3 Nbd7 9. h3 b6 10. e4 e5 11. d5 Nc5 12. Nd2 Bd7 13. Be2 Ne8 14. Bg4 Nf6 15. Bxd7 Qxd7 16. g4 a5 {1-0 (36) Duda,J (2645)-Rodshtein,M (2673) Germany 2016}) 7. e4 e5 $146 ({Predecessor:} 7... d6 8. a3 Bxc3 9. bxc3 e5 10. d5 Nb8 11. g3 Na6 12. Bg2 Nc5 13. Nh4 {0-1 (49) Watts,P-Dean,R Seattle 2010}) 8. dxe5 Nxe5 {White is slightly better.} 9. Be2 (9. Nxe5 $14 Qxe5 10. Bd3) 9... d6 10. a3 Bc5 11. b4 Bb6 12. Bf4 {Threatening Bxe5.} Ng6 13. Bg3 Re8 {[%cal Rf6e4] [#]} 14. e5 $1 $36 {[%mdl 2560] Black is under pressure.} Nxe5 ({Of course not} 14... dxe5 $6 15. c5 $16) 15. Bxe5 dxe5 16. c5 e4 17. Nd4 $1 Bxc5 (17... Qe5 $1 $11 18. O-O-O Bxc5 $1 {[%mdl 512]} 19. bxc5 a6) 18. bxc5 $14 Qxc5 {[#]} (18... Qe5 $14 19. Rd1 Qg5) 19. Ncb5 $1 $16 Qxc2 20. Nxc2 Re7 21. Ne3 a6 22. Nd4 c5 23. Nb3 b6 24. O-O Be6 25. Rab1 Rd7 26. a4 {[%cal Ba3a4,Ba4a5][%mdl 32]} g6 27. Rfc1 Bxb3 (27... a5 $16 {keeps fighting.} 28. Na1 Rd6) 28. Rxb3 $18 Rd4 (28... Rb8 $142 29. Rxc5 Rd4) 29. Rxb6 {[%mdl 64] Double Attack} Kg7 30. a5 {White is clearly winning.} Ra4 {[#]} (30... Rb4 $142 31. Rxc5 Ra4) 31. Rxf6 $1 {[%mdl 512]} Kxf6 32. Nd5+ Ke5 33. Nb6 {[%mdl 64] Double Attack} Ra2 34. Bc4 {[%mdl 64] Double Attack} ({Not} 34. Nxa8 Rxe2 35. Nb6 (35. Rxc5+ Kd4 $16) 35... Kd6 $18) 34... Rxa5 35. Nxa8 f5 36. Nc7 Ra4 37. Nxa6 Kd4 38. Bb5 Ra5 39. Rc4+ Kd5 40. Rxc5+ Kd6 41. Rc6+ Kd7 42. Nc5+ Ke7 43. Bc4 Ra1+ 44. Bf1 Rc1 45. g3 g5 46. Re6+ Kf7 47. Re5 Kg6 48. Kg2 {Accuracy: White = 64%, Black = 32%.} 1-0

[Event "POL-chT DMP Ekstraliga 2019"]
[Site "Katowice"]
[Date "2019.09.05"]
[Round "9.12"]
[White "Leks, Maria"]
[Black "Antolak, Julia"]
[Result "0-1"]
[WhiteElo "2129"]
[BlackElo "2240"]
[Annotator "NA"]
[PlyCount "96"]
[EventDate "2019.08.28"]
[EventType "team-tourn"]
[EventCountry "POL"]
[SourceTitle "playchess.com"]
[Source "ChessBase"]
[SourceQuality "1"]
[TimeControl "40/5400+30:1800+30"]

1. e4 {[%emt 0:02:09]} c5 {[%emt 0:00:00]} 2. Nf3 {[%emt 0:00:05]} e6 {[%emt 0:00:06]} 3. d4 {[%emt 0:00:09]} cxd4 {[%emt 0:00:08]} 4. Nxd4 {[%emt 0:00:04]} Nf6 {[%emt 0:00:12]} 5. Nc3 {[%emt 0:00:07]} d6 {[%emt 0:00:03]} 6. Be2 {[%emt 0:00:15]} Be7 {[%emt 0:00:51]} 7. O-O {[%emt 0:00:12]} Nc6 {[%emt 0:01:10]} 8. Be3 {[%emt 0:00:15]} a6 {[%emt 0:01:47]} 9. a4 {[%emt 0:02:13]} O-O {[%emt 0:00:29]} 10. f4 {[%emt 0:00:47]} Qc7 {[%emt 0:01:19]} 11. Kh1 {[%emt 0:00:39]} Nxd4 {[%emt 0:00:20]} 12. Qxd4 {[%emt 0:02:23]} Bd7 {[%emt 0:00:37]} 13. e5 {[%emt 0:02:18]} Ne8 {[%emt 0:02:22]} 14. Bd3 {[%emt 0:05:34]} Bc6 {[%emt 0:03:18]} 15. Rae1 {[%emt 0:10:02]} Rd8 {[%emt 0:04:00]} 16. Qb6 {[%emt 0:06:45]} dxe5 {[%emt 0:08:26]} 17. Qxc7 {[%emt 0:01:14]} Nxc7 {[%emt 0:00:05]} 18. Bb6 {[%emt 0:04:50]} Rd7 {[%emt 0:04:36]} 19. fxe5 {[%emt 0:05:37]} Bb4 {[%emt 0:04:52]} 20. Bxc7 {[%emt 0:14:35]} Rxc7 {[%emt 0:01:09]} 21. Rf4 {[%emt 0:00:04]} Bxc3 {[%emt 0:00:55]} 22. bxc3 {[%emt 0:00:04]} Rfc8 {[%emt 0:04:45]} 23. Ref1 {[%emt 0:15:54]} Be8 {[%emt 0:08:11]} 24. Be4 {[%emt 0:13:59]} Bxa4 {[%emt 0:08:51]} 25. Bxb7 {[%emt 0:01:47]} Rxb7 {[%emt 0:00:28]} 26. Rxa4 {[%emt 0:00:04]} Rxc3 {[%emt 0:00:50]} 27. Rxa6 {[%emt 0:00:08]} g6 {[%emt 0:00:10]} 28. Ra2 {[%emt 0:02:24]} Rbc7 {[%emt 0:01:24]} 29. Rf2 {[%emt 0:08:24]} Re3 {[%emt 0:00:14]} 30. h3 {[%emt 0:00:03]} Rxe5 {[%emt 0:00:06]} 31. Rb2 {[%emt 0:00:44]} Kg7 {[%emt 0:00:56]} 32. Kh2 {[%emt 0:00:06]} f5 {[%emt 0:00:36]} 33. Rd2 {[%emt 0:01:31]} Kf6 {[%emt 0:00:28]} 34. Kg3 {[%emt 0:00:47]} Rec5 {[%emt 0:04:19]} 35. Kf2 {[%emt 0:00:08]} R5c6 {[%emt 0:00:27]} 36. Ke3 {[%emt 0:00:10]} e5 {[%emt 0:00:11]} 37. Ke2 {[%emt 0:01:17]} e4 {[%emt 0:00:31]} 38. Ra2 {[%emt 0:00:29]} Kg5 {[%emt 0:01:57]} 39. Kd1 {[%emt 0:00:41]} Rc3 {[%emt 0:01:02]} 40. Ke2 Kf4 {[%emt 0:00:00]} 41. Rb2 {[%emt 0:08:01]} Kg3 {[%emt 0:02:03]} 42. Kf1 {[%emt 0:10:55]} f4 {[%emt 0:01:30]} 43. Rd5 {[%emt 0:03:55]} Rxc2 {[%emt 0:05:02]} 44. Rg5+ {[%emt 0:00:53]} Kh2 {[%emt 0:00:06]} 45. Rxc2 {[%emt 0:00:09]} Rxc2 {[%emt 0:00:05]} 46. Rg4 {[%emt 0:00:12]} f3 {[%emt 0:00:17]} 47. gxf3 {[%emt 0:00:37]} exf3 {[%emt 0:00:08]} 48. h4 {[%emt 0:00:34]} Kh3 {[%emt 0:00:05]} 0-1

[Event "POL-chT DMP Ekstraliga 2019"]
[Site "Katowice"]
[Date "2019.09.05"]
[Round "9.14"]
[White "Czarnota, Pawel"]
[Black "Bluebaum, Matthias"]
[Result "1/2-1/2"]
[WhiteElo "2532"]
[BlackElo "2619"]
[Annotator "TA"]
[PlyCount "73"]
[EventDate "2019.08.28"]
[EventType "team-tourn"]
[EventCountry "POL"]
[SourceTitle "playchess.com"]
[Source "ChessBase"]
[SourceQuality "1"]

{[%evp 11,73,17,23,14,16,12,18,10,16,1,11,0,18,6,12,8,4,11,8,6,18,14,20,4,16,0,16,-16,-20,-20,0,-41,-35,-25,-26,-28,-27,-39,0,0,18,0,8,-38,-38,-41,-42,-60,-5,-16,-24,-28,0,0,0,0,0,0,0,0,0,0,0,1]} 1. e4 c6 2. d4 d5 3. Nc3 dxe4 4. Nxe4 Nf6 5. Nxf6+ exf6 6. c3 Bf5 7. Bd3 {B15: Caro-Kann: 3 Nc3: 3...g6 and 3...dxe4 4 Nxe4 Nf6 5 Nxf6+ exf6} Bxd3 8. Qxd3 Na6 (8... Bd6 9. Qe3+ Qe7 10. Nf3 Nd7 11. Qxe7+ Kxe7 12. Be3 Nb6 13. O-O-O Kd7 14. Rhe1 Nd5 {½-½ (50) Wei,Y (2707)-Rapport,R (2717) Yancheng 2016}) 9. Nf3 Nc5 10. Qc2 Ne6 11. O-O Bd6 12. Re1 O-O 13. Be3 Qc7 {[#]} 14. Rad1 $146 ({Predecessor:} 14. c4 Rfe8 {½-½ (45) Amonatov,F (2591)-Bublei,P (2380) St Petersburg 2015}) 14... Rad8 15. c4 h6 16. g3 Ng5 17. Bxg5 (17. Kg2 {seems wilder.} Nxf3 18. Kxf3 Rfe8 19. Kg2 Qd7 20. f3) 17... fxg5 18. a3 Be7 19. Qe4 Bf6 20. b4 Qc8 21. d5 Rfe8 22. Qd3 Rxe1+ 23. Nxe1 cxd5 24. cxd5 Qd7 25. Kg2 Rc8 26. Qe3 a6 27. Rd3 g4 28. Qe2 h5 29. Nc2 Qf5 (29... g6 $15) 30. d6 Qd7 31. Rd5 Qe6 32. Ne3 {The position is equal.} Qe4+ 33. f3 Qe6 34. d7 Rd8 35. fxg4 hxg4 36. Qd3 g6 37. Nc4 {Accuracy: White = 47%, Black = 51%.} 1/2-1/2

[Event "POL-chT DMP Ekstraliga 2019"]
[Site "Katowice"]
[Date "2019.09.05"]
[Round "9.15"]
[White "Janik, Igor"]
[Black "Olszewski, Michal"]
[Result "0-1"]
[WhiteElo "2483"]
[BlackElo "2522"]
[Annotator "RC"]
[PlyCount "146"]
[EventDate "2019.08.28"]
[EventType "team-tourn"]
[EventCountry "POL"]
[SourceTitle "playchess.com"]
[Source "ChessBase"]
[SourceQuality "1"]
[TimeControl "40/5400+30:1800+30"]

1. d4 {[%emt 0:00:00]} Nf6 {[%emt 0:00:00]} 2. c4 {[%emt 0:00:00]} g6 {[%emt 0:00:00]} 3. Nf3 {[%emt 0:00:00]} Bg7 {[%emt 0:00:00]} 4. g3 {[%emt 0:00:02]} c5 {[%emt 0:00:41]} 5. Bg2 {[%emt 0:00:23]} cxd4 {[%emt 0:03:37]} 6. Nxd4 {[%emt 0:00:12]} d5 {[%emt 0:05:00]} 7. Nc3 {[%emt 0:04:06]} e5 {[%emt 0:05:52]} 8. Nb3 {[%emt 0:00:12]} d4 {[%emt 0:01:36]} 9. Nd5 {[%emt 0:00:11]} Nxd5 {[%emt 0:05:01]} 10. cxd5 {[%emt 0:00:23]} O-O {[%emt 0:01:49]} 11. O-O {[%emt 0:03:36]} Nd7 {[%emt 0:13:04]} 12. e3 {[%emt 0:03:41]} a5 {[%emt 0:14:26]} 13. a4 {[%emt 0:01:07]} Qb6 {[%emt 0:07:41]} 14. Re1 {[%emt 0:11:46]} Nf6 {[%emt 0:06:04]} 15. exd4 {[%emt 0:02:22]} Bg4 {[%emt 0:12:17]} 16. f3 {[%emt 0:02:35]} Bf5 {[%emt 0:00:03]} 17. g4 {[%emt 0:02:32]} Bd7 {[%emt 0:00:52]} 18. Rxe5 {[%emt 0:08:33]} Nxg4 {[%emt 0:03:25]} 19. Re1 {[%emt 0:00:02]} Nf6 {[%emt 0:00:54]} 20. Nc5 {[%emt 0:00:12]} Bf5 {[%emt 0:01:37]} 21. d6 {[%emt 0:00:55]} Qxd6 {[%emt 0:04:39]} 22. Nxb7 {[%emt 0:01:08]} Qb4 {[%emt 0:04:39]} 23. Nc5 {[%emt 0:00:22]} Rfe8 {[%emt 0:01:05]} 24. Bg5 {[%emt 0:04:40]} Qxb2 {[%emt 0:02:06]} 25. Kh1 {[%emt 0:01:41]} Rxe1+ {[%emt 0:01:18]} 26. Qxe1 {[%emt 0:00:01]} Qxd4 {[%emt 0:01:26]} 27. Rc1 {[%emt 0:01:21]} Rc8 {[%emt 0:02:45]} 28. Be3 {[%emt 0:02:22]} Qb2 {[%emt 0:01:20]} 29. Rd1 {[%emt 0:03:44]} Re8 {[%emt 0:00:17]} 30. Qg1 {[%emt 0:01:01]} Qc2 {[%emt 0:00:46]} 31. Rc1 {[%emt 0:01:48]} Qe2 {[%emt 0:00:12]} 32. Bd4 {[%emt 0:01:15]} Bh6 {[%emt 0:00:42]} 33. Ra1 {[%emt 0:01:23]} Nd5 {[%emt 0:00:39]} 34. Nb7 {[%emt 0:00:44]} Be3 {[%emt 0:00:33]} 35. Bxe3 {[%emt 0:00:07]} Rxe3 {[%emt 0:00:16]} 36. Qf1 {[%emt 0:08:31]} Nf4 {[%emt 0:00:39]} 37. Qxe2 {[%emt 0:01:04]} Rxe2 {[%emt 0:00:07]} 38. Bf1 {[%emt 0:00:04]} Re5 {[%emt 0:00:29]} 39. Bb5 {[%emt 0:00:07]} Bd3 {[%emt 0:00:47]} 40. Bxd3 {[%emt 0:00:00]} Nxd3 {[%emt 0:00:00]} 41. Rb1 {[%emt 0:01:12]} Rg5 {[%emt 0:05:34]} 42. h3 {[%emt 0:00:04]} Rg3 {[%emt 0:02:46]} 43. Rb3 {[%emt 0:06:31]} Rxh3+ {[%emt 0:11:33]} 44. Kg2 {[%emt 0:01:44]} Nf4+ {[%emt 0:00:09]} 45. Kf2 {[%emt 0:00:23]} g5 {[%emt 0:04:04]} 46. Rb5 {[%emt 0:00:33]} Rh2+ {[%emt 0:01:00]} 47. Kf1 {[%emt 0:00:48]} f6 {[%emt 0:03:27]} 48. Rxa5 {[%emt 0:00:23]} Ra2 {[%emt 0:00:15]} 49. Nd6 {[%emt 0:02:16]} h5 {[%emt 0:01:28]} 50. Ne4 {[%emt 0:00:39]} Kf7 {[%emt 0:02:47]} 51. Rf5 {[%emt 0:03:18]} Ke6 {[%emt 0:02:58]} 52. Rxf6+ {[%emt 0:00:09]} Ke5 {[%emt 0:00:04]} 53. Rb6 {[%emt 0:00:21]} Ne6 {[%emt 0:01:00]} 54. Ng3 {[%emt 0:05:18]} h4 {[%emt 0:00:20]} 55. Ne2 {[%emt 0:00:01]} Rxa4 {[%emt 0:00:26]} 56. Rb5+ {[%emt 0:00:14]} Kf6 57. Rb2 {[%emt 0:01:10]} h3 {[%emt 0:01:13]} 58. Kf2 {[%emt 0:00:39]} Ra1 {[%emt 0:00:34]} 59. Kg3 {[%emt 0:00:21]} Rh1 {[%emt 0:00:22]} 60. Rb6 {[%emt 0:01:47]} Ke5 {[%emt 0:00:33]} 61. Rb5+ {[%emt 0:00:04]} Kd6 62. Nc3 {[%emt 0:01:05]} Nc5 {[%emt 0:01:00]} 63. Rb2 {[%emt 0:01:09]} Ne6 {[%emt 0:00:33]} 64. Ne4+ {[%emt 0:00:55]} Ke5 {[%emt 0:00:29]} 65. Rb5+ {[%emt 0:00:50]} Kd4 {[%emt 0:00:20]} 66. Nxg5 {[%emt 0:00:49]} Nxg5 {[%emt 0:00:13]} 67. Rb4+ {[%emt 0:00:22]} Kc3 {[%emt 0:00:22]} 68. Rh4 {[%emt 0:01:06]} Rg1+ {[%emt 0:00:45]} 69. Kf2 {[%emt 0:00:14]} Rg2+ {[%emt 0:00:16]} 70. Kf1 {[%emt 0:00:48]} Rg3 {[%emt 0:00:37]} 71. f4 {[%emt 0:00:22]} Ne4 {[%emt 0:00:14]} 72. f5 {[%emt 0:00:30]} Kd3 {[%emt 0:00:27]} 73. f6 {[%emt 0:00:08]} Ke3 {[%emt 0:00:34]} 0-1

[Event "POL-chT DMP Ekstraliga 2019"]
[Site "Katowice"]
[Date "2019.09.05"]
[Round "9.16"]
[White "Warakomski, Tomasz"]
[Black "Tomczak, Mikolaj"]
[Result "1-0"]
[WhiteElo "2497"]
[BlackElo "2432"]
[Annotator "TA"]
[PlyCount "70"]
[EventDate "2019.08.28"]
[EventType "team-tourn"]
[EventCountry "POL"]
[SourceTitle "playchess.com"]
[Source "ChessBase"]
[SourceQuality "1"]

{[%evp 22,70,30,20,34,21,43,55,44,20,91,65,91,33,35,27,37,40,43,0,0,0,0,0,0,0,-4,-223,-216,-281,-252,-305,-296,-327,-279,-255,-215,-170,-29,-45,-39,-42,-40,-33,0,-27,0,-31,0,-31,0]} 1. e4 c5 2. Nf3 d6 3. d4 cxd4 4. Nxd4 Nf6 5. Nc3 g6 6. Be3 Bg7 7. f3 O-O 8. Qd2 Nc6 9. g4 Be6 10. Nxe6 fxe6 11. O-O-O Ne5 12. Be2 Qc8 {B76: Sicilian Dragon: Yugoslav Attack, 9 g4 and 9 0-0-0} 13. h4 Nc4 (13... Nfd7 14. h5 Nc4 15. Bxc4 Qxc4 16. hxg6 hxg6 17. f4 Bxc3 18. bxc3 Nf6 19. Bd4 e5 20. fxe5 dxe5 {1-0 (41) Cornette,M (2611)-Jones,G (2640) chess.com INT 2018}) 14. Bxc4 Qxc4 {White is slightly better.} 15. h5 b5 (15... Nd7 $11 {keeps the balance.}) 16. Kb1 $16 Nd7 $146 ({Predecessor:} 16... b4 17. Ne2 e5 18. b3 Qc6 19. h6 Bh8 20. g5 {1-0 (46) Petrosian,D (2476)-Kanter,E (2414) Moscow 2012}) 17. hxg6 hxg6 18. f4 {Hoping for f5!} b4 19. Ne2 {f5! is the strong threat.} Nf6 20. e5 (20. Nd4 $5 {[%cal Rf4f5]}) 20... dxe5 $1 21. fxe5 Nxg4 22. Nc1 a5 (22... Bxe5 $6 23. Nd3 $14) 23. Rh4 {Threatens to win with Rg1.} Qe4 $1 $36 {[%cal Re4e3][%mdl 2048] Black is pushing.} ({But not} 23... Bxe5 $2 24. Qg2 $18) 24. Qd7 $2 (24. Bc5 $1 $11 Qf5 25. Bxe7) 24... Qf5 $19 ({Not} 24... Qxe5 25. Bd4 $11) 25. Rxg4 Qxg4 26. Rg1 Qf5 27. Rg5 Qh3 28. Qd3 Rf5 {Strongly threatening ...Kf7.} 29. Rxg6 Kf7 ({Black should play} 29... Rf3 $19 30. Qe4 Rc8) 30. Rxe6 $1 $11 Kxe6 31. Qb3+ $1 Kd7 ({Don't play} 31... Kxe5 $6 {[#]} 32. Bd4+ $1 {[%mdl 512]} Kxd4 33. Qxh3 $16) 32. Qd5+ {[%mdl 64] [#] Double Attack} Kc7 33. Qc5+ (33. Bb6+ $5 Kxb6 34. Qe6+ Kc5 35. Nb3+ Qxb3 36. Qxe7+ {[%mdl 64] Double Attack} Kd5 37. Qd7+ Ke4 38. axb3 $17) 33... Kd7 34. Qd5+ $1 {[%mdl 64] Double Attack} Kc7 35. Qc5+ Kd7 {[%mdl 32768] Accuracy: White = 68%, Black = 56%. . Sensor Board Error (Ke4/e5)?} 1-0

[Event "POL-chT DMP Ekstraliga 2019"]
[Site "Katowice"]
[Date "2019.09.05"]
[Round "9.17"]
[White "Czerwonski, Aleksander"]
[Black "Kantans, Toms"]
[Result "0-1"]
[WhiteElo "2365"]
[BlackElo "2490"]
[Annotator "TA"]
[PlyCount "63"]
[EventDate "2019.08.28"]
[EventType "team-tourn"]
[EventCountry "POL"]
[SourceTitle "playchess.com"]
[Source "ChessBase"]
[SourceQuality "1"]

{[%evp 25,63,43,70,66,70,73,85,72,89,80,80,68,53,0,0,0,0,0,38,-18,-26,-110,-111,-168,-208,-302,-295,-452,-439,-495,-483,-466,-487,-714,-737,-747,-739,-661,-485,-480]} 1. d4 Nf6 2. c4 g6 3. Nc3 d5 4. cxd5 Nxd5 5. e4 Nxc3 6. bxc3 Bg7 7. Nf3 c5 8. Rb1 O-O 9. Be2 Nc6 10. d5 Bxc3+ 11. Bd2 Bxd2+ 12. Qxd2 Na5 13. h4 f6 14. h5 {D85: Exchange Grünfeld: Unusual White 7th moves and lines with 7 Nf3} g5 15. Nxg5 e5 (15... fxg5 16. Qxg5+ Kh8 17. h6 Rf7 18. Bh5 Qg8 19. Qxg8+ Kxg8 20. Bxf7+ Kxf7 21. Rc1 Bd7 22. Rxc5 {1-0 (42) Jakubowski,K (2531)-Socko,M (2441) Bialystok 2016}) 16. Nf3 {White is better.} b6 17. g4 Nb7 {[%cal Ba5b7,Bb7d6,Bd6e4][%mdl 32]} 18. g5 fxg5 $1 19. Nxe5 $146 (19. Rb3 $14) ({Predecessor:} 19. Rg1 Nd6 20. Rxg5+ Kh8 21. Qc3 Qf6 22. Qxe5 Qxe5 23. Rxe5 {½-½ (57) Hanko,P (2230)-Banas,J (2390) Bojnice 1994}) 19... Qf6 $36 {[%mdl 2048] White is under pressure.} 20. Nf3 h6 21. e5 Qf4 (21... Qf5 $5 {[%cal Rf5b1]} 22. Rd1 Qe4 $11) 22. e6 ({White should play} 22. Rg1 $14) 22... Nd6 {Black wants to play ...Qe4.} 23. Rb3 (23. Rd1 $11) 23... Bb7 $17 {And now ...Qxd2+ would win.} 24. Re3 {[#]} (24. Qxf4 $17 Rxf4 25. Rg1) 24... Rf5 $1 $19 25. e7 (25. Rd3 {might work better.}) 25... Bxd5 26. Rf1 (26. Rd3 {was worth a try.} Qxd2+ 27. Nxd2 Bxh1 28. Rxd6) 26... Re8 {Black is clearly winning.} 27. Qc3 Ne4 28. Qc2 Rxe7 29. Bc4 (29. Nd2 $142) 29... Bxc4 30. Qxc4+ Kf8 31. Qd3 Nd6 32. Nd2 {Accuracy: White = 30%, Black = 86%.} 0-1

[Event "POL-chT DMP Ekstraliga 2019"]
[Site "Katowice"]
[Date "2019.09.05"]
[Round "9.18"]
[White "Warakomska, Anna"]
[Black "Cyfka, Karina"]
[Result "1/2-1/2"]
[WhiteElo "2241"]
[BlackElo "2413"]
[Annotator "TA"]
[PlyCount "40"]
[EventDate "2019.08.28"]
[EventType "team-tourn"]
[EventCountry "POL"]
[SourceTitle "playchess.com"]
[Source "ChessBase"]
[SourceQuality "1"]

{[%evp 31,40,32,20,8,18,8,10,0,22,11,68]} 1. e4 e5 2. Nf3 Nc6 3. Bb5 a6 4. Ba4 Nf6 5. O-O Be7 6. Re1 b5 7. Bb3 d6 8. c3 O-O 9. h3 Na5 10. Bc2 c5 11. d4 Qc7 12. Nbd2 cxd4 13. cxd4 Bb7 14. Nf1 Rac8 15. Re2 d5 16. dxe5 Nxe4 17. Ng3 {[%cal Rg3e4] The position is equal. C99: Closed Ruy Lopez: Chigorin Defence: 11 d4 Qc7 12 Nbd2 cxd4} Nxg3 18. fxg3 {[#]} d4 $146 {[%mdl 512]} (18... g6 19. Kh2 d4 20. Qxd4 Bxf3 21. gxf3 Nc6 22. Qf2 Nxe5 23. Bf4 Bd6 24. Be4 Nc4 {½-½ (54) Pirhala,L (2314)-Postl,R (2277) ICCF email 2012}) 19. Kh2 ({Much weaker is} 19. Nxd4 Rfd8 $17) (19. Qxd4 Bc5) 19... Bxf3 20. gxf3 Rfd8 (20... Rcd8 $11) 1/2-1/2

[Event "POL-chT DMP Ekstraliga 2019"]
[Site "Katowice"]
[Date "2019.09.05"]
[Round "9.19"]
[White "Harikrishna, Pentala"]
[Black "Kempinski, Robert"]
[Result "1/2-1/2"]
[WhiteElo "2738"]
[BlackElo "2579"]
[Annotator "TA"]
[PlyCount "76"]
[EventDate "2019.08.28"]
[EventType "team-tourn"]
[EventCountry "POL"]
[SourceTitle "playchess.com"]
[Source "ChessBase"]
[SourceQuality "1"]

{[%evp 14,76,12,0,14,16,21,22,25,30,32,21,31,21,37,28,46,40,49,47,45,41,56,27,20,5,5,7,8,5,5,5,8,6,10,7,5,0,0,0,2,3,14,0,0,0,0,-26,-26,-48,-48,-55,-55,-55,-39,-55,-55,-55,-55,-55,-55,-57,-45,-45,-39]} 1. e4 c5 2. Nf3 e6 3. c3 d5 4. exd5 Qxd5 5. d4 Nf6 6. Be2 Be7 7. O-O O-O 8. c4 Qd7 {B22: Sicilian: 2 c3} (8... Qd8 9. Nc3 Nc6 10. dxc5 Bxc5 11. Bf4 Qe7 12. Ne5 Nxe5 13. Bxe5 Rd8 14. Qc2 b6 15. Bf3 Bb7 16. Bxb7 Qxb7 17. Bxf6 gxf6 18. Rad1 f5 19. Rxd8+ Rxd8 {½-½ (27) Riazantsev,A (2651)-Vitiugov,N (2721) Novosibirsk 2016}) 9. Nc3 cxd4 10. Qxd4 Qxd4 {The position is equal.} 11. Nxd4 e5 12. Ndb5 Nc6 $146 ({Predecessor:} 12... Na6 13. Be3 Bc5 14. Bxc5 Nxc5 15. Nd5 Nxd5 16. cxd5 Bd7 17. Rac1 Bxb5 18. Bxb5 {½-½ (49) Oleas Vanegas,M (1604)-Gomez Vasquez,L (1578) Cochabamba 2017}) 13. Be3 Bg4 14. f3 Bd7 15. Rad1 Rfd8 16. a3 b6 17. b4 Bf8 18. Rd2 Be6 19. Rfd1 Rxd2 20. Rxd2 a5 21. bxa5 Nxa5 22. Nd5 Bxd5 23. cxd5 Nb3 24. Rd3 Nd4 25. Bxd4 exd4 26. d6 Ne8 27. Rxd4 Nxd6 28. Nxd6 {[#] Rd3 is the strong threat.} Rd8 $1 29. Kf1 {And now Nb5 would win.} Rxd6 30. Rxd6 Bxd6 $11 {[%mdl 4096] Endgame KB-KB} 31. a4 Bxh2 {Black is slightly better.} 32. g4 Bf4 33. Bc4 Kf8 34. Kg2 Ke7 35. Bd5 Kf6 36. Bc4 Kg6 37. Kh3 Bd2 38. Kg3 Be1+ {Accuracy: White = 68%, Black = 65%.} 1/2-1/2